The tale of Genji
Gardado en:
| Autor Principal: | |
|---|---|
| Formato: | Libro |
| Idioma: | Undetermined |
| Publicado: |
London
Everyman's Library
1992
|
| Những chủ đề: | |
| Các nhãn: |
Engadir etiqueta
Sen Etiquetas, Sexa o primeiro en etiquetar este rexistro!
|
| Thư viện lưu trữ: | Trung tâm Học liệu Trường Đại học Cần Thơ |
|---|
| LEADER | 00511nam a2200181Ia 4500 | ||
|---|---|---|---|
| 001 | CTU_33923 | ||
| 008 | 210402s9999 xx 000 0 und d | ||
| 082 | |a 881.18 | ||
| 082 | |b S555 | ||
| 100 | |a Murasaki Shikibu | ||
| 245 | 4 | |a The tale of Genji | |
| 245 | 0 | |c Murasaki Shikibu | |
| 260 | |a London | ||
| 260 | |b Everyman's Library | ||
| 260 | |c 1992 | ||
| 650 | |a japanese literature - 10th century,short stories, japanese | ||
| 904 | |i Minh, 991117 | ||
| 980 | |a Trung tâm Học liệu Trường Đại học Cần Thơ | ||